[Event "52nd Sparkassen Open A"]
[Site "Dortmund GER"]
[Date "2025.08.04"]
[Round "3.12"]
[White "Menzel, Maximilian"]
[Black "Nitish, Belurkar"]
[Result "0-1"]
[BlackTitle "IM"]
[WhiteElo "2208"]
[BlackElo "2486"]
[WhiteFideId "34617280"]
[BlackFideId "5084768"]
[EventDate "2025.08.02"]

1. d4 Nf6 2. c4 e6 3. g3 c5 4. d5 d6 5. Nc3 exd5 6. cxd5 g6 7. Bg2 Bg7 8. Nf3
O-O 9. O-O a6 10. a4 Re8 11. Bf4 h6 12. h3 g5 13. Bd2 Bf5 14. Ne1 Nbd7 15. Nc2
Ne4 16. Nxe4 Bxe4 17. Bc3 Bxc3 18. bxc3 Qf6 19. Qd2 Bg6 20. Ne3 b5 21. Ng4 Qg7
22. e4 Nb6 23. axb5 axb5 24. Rxa8 Rd8 25. Rb8 Rxb8 26. Rd1 Ra8 27. Rb1 Nc4 28.
Qe2 Qxc3 29. Rxb5 Ra1+ 30. Kh2 h5 31. Ne3 Qc1 32. Nf1 h4 33. Rb8+ Kg7 34. Qg4
hxg3+ 35. Qxg3 Qf4 36. Ne3 Nxe3 37. fxe3 Qxg3+ 38. Kxg3 Kf6 39. Rd8 Ke7 40. Rc8
Ra3 41. h4 gxh4+ 42. Kxh4 Rxe3 43. Rc7+ Kf6 44. Rd7 Bxe4 45. Bf1 Ke5 46. Rxf7
Bxd5 47. Rf8 Be6 48. Bg2 d5 49. Re8 c4 50. Ra8 c3 51. Ra3 Bf5 0-1

[Event "52nd Sparkassen Open A"]
[Site "Dortmund GER"]
[Date "2025.08.04"]
[Round "3.13"]
[White "Rathanvel, V S"]
[Black "Engel, Bruno"]
[Result "1-0"]
[WhiteTitle "IM"]
[WhiteElo "2486"]
[BlackElo "2192"]
[WhiteFideId "25002112"]
[BlackFideId "34609008"]
[EventDate "2025.08.02"]

1. e4 c5 2. Nf3 Nc6 3. Nc3 d6 4. d4 cxd4 5. Nxd4 Nf6 6. Bc4 Bd7 7. Be3 e6 8. Qe2
a6 9. a4 Be7 10. O-O O-O 11. f4 Qa5 12. Nb3 Qc7 13. a5 Be8 14. Bb6 Qb8 15. Rf2
Nd7 16. Na4 Bd8 17. f5 exf5 18. exf5 Nce5 19. Bd5 Nf6 20. Nc3 Bc6 21. Bxd8 Nxd5
22. Nxd5 Qxd8 23. Nb6 Rb8 24. f6 gxf6 25. Nd4 Kh8 26. Raf1 Rg8 27. Nxc6 bxc6 28.
Rxf6 Qe7 29. Nc4 Rbd8 30. Nxe5 Qxe5 31. Qxe5 dxe5 32. Rxf7 Rd5 33. Rc7 Rd2 34.
Rf2 Rd1+ 35. Rf1 Rd2 36. g3 Re8 37. Rff7 Rxc2 38. Rxh7+ Kg8 39. Rcg7+ Kf8 40.
Rc7 Kg8 41. Rcg7+ Kf8 42. Rd7 Kg8 43. Rhg7+ Kh8 44. Rge7 Rb8 45. b4 Rb2 46. Rxe5
R2xb4 47. Kg2 Rb2+ 48. Kh3 R2b7 49. Rxb7 Rxb7 50. Re8+ Kg7 51. Ra8 Rc7 52. Rxa6
c5 53. Rb6 c4 54. a6 c3 55. Rb1 Kf6 56. Rc1 Ke5 57. a7 Rxa7 58. Rxc3 Rh7+ 59.
Kg2 Kf5 60. Rf3+ Kg6 61. h4 Ra7 62. Kh3 Ra4 63. Rf4 Ra1 64. Kg4 Ra5 65. Rb4 Ra6
66. h5+ Kh6 67. Kh4 Rc6 68. g4 Rc7 69. Rb6+ Kh7 70. Rf6 Ra7 71. h6 Re7 72. Kh5
Kg8 73. g5 Ra7 74. Rb6 Ra8 75. Rb5 Kh8 76. g6 Rf8 77. g7+ Kh7 78. gxf8=B 1-0

[Event "52nd Sparkassen Open A"]
[Site "Dortmund GER"]
[Date "2025.08.04"]
[Round "3.14"]
[White "Dau Khuong Duy"]
[Black "Panjer, Sidney"]
[Result "1/2-1/2"]
[WhiteTitle "IM"]
[WhiteElo "2462"]
[BlackElo "2197"]
[WhiteFideId "12424722"]
[BlackFideId "16207041"]
[EventDate "2025.08.02"]

1. e4 e5 2. Nf3 Nc6 3. Bb5 Bc5 4. c3 Nf6 5. d4 exd4 6. e5 Nd5 7. cxd4 Bb4+ 8.
Bd2 Bxd2+ 9. Qxd2 a6 10. Bc4 Nb6 11. Bb3 d6 12. Qf4 O-O 13. O-O Be6 14. Nc3 Bxb3
15. axb3 dxe5 16. dxe5 Nd5 17. Qe4 Nxc3 18. bxc3 Qe7 19. h4 h6 20. Rfe1 Rad8 21.
h5 Rfe8 22. Re3 Qe6 23. Rae1 Qxb3 24. c4 Qb4 25. Rb1 Qc5 1/2-1/2

[Event "52nd Sparkassen Open A"]
[Site "Dortmund GER"]
[Date "2025.08.04"]
[Round "3.15"]
[White "Arsenie, Cristian Marc"]
[Black "Gloeckler, Christian"]
[Result "0-1"]
[BlackTitle "FM"]
[WhiteElo "2167"]
[BlackElo "2446"]
[WhiteFideId "1345923"]
[BlackFideId "34608966"]
[EventDate "2025.08.02"]

1. e4 c5 2. Nf3 d6 3. d4 cxd4 4. Nxd4 Nf6 5. Nc3 a6 6. Be3 e5 7. Nb3 Be7 8. f3
Be6 9. Qd2 O-O 10. O-O-O Nbd7 11. g4 b5 12. g5 Nh5 13. Kb1 Nb6 14. Na5 Rc8 15.
Nd5 Nxd5 16. exd5 Bf5 17. Nc6 Qd7 18. h4 Ng3 19. Rh2 Nxf1 20. Rxf1 Rfe8 21. b3
Bf8 22. h5 Rxc6 23. dxc6 Qxc6 24. f4 g6 25. h6 Rc8 26. Qd1 a5 27. Bc1 a4 28. Bb2
Qc5 29. Rd2 a3 30. Ba1 Be7 31. Re1 Qc7 32. Qe2 Qc6 33. Qg2 Qc7 34. fxe5 d5 35.
Ree2 Bb4 36. Qxd5 Bxd2 37. Qxd2 Qb6 38. Bd4 Rxc2 39. Qxc2 Qxd4 40. Kc1 Qa1+ 0-1

[Event "52nd Sparkassen Open A"]
[Site "Dortmund GER"]
[Date "2025.08.04"]
[Round "3.16"]
[White "Gavrilescu, David"]
[Black "Burcu, Cagatay"]
[Result "1-0"]
[WhiteTitle "GM"]
[BlackTitle "FM"]
[WhiteElo "2531"]
[BlackElo "2256"]
[WhiteFideId "1227190"]
[BlackFideId "6310630"]
[EventDate "2025.08.02"]

1. e4 c6 2. Nf3 d5 3. e5 Bg4 4. Be2 e6 5. O-O Ne7 6. d4 c5 7. c3 Nec6 8. Be3 Nd7
9. Nbd2 Be7 10. h3 Bh5 11. g4 Bg6 12. Ne1 O-O 13. f4 f6 14. exf6 Bxf6 15. dxc5
d4 16. cxd4 Nxd4 17. Bd3 Nxc5 18. Bxg6 hxg6 19. Ndf3 Nxf3+ 20. Nxf3 b6 21. Qe2
Qd3 22. Rae1 Qxe2 23. Rxe2 Nd3 24. b3 Bc3 25. Ng5 e5 26. Rc2 Nxf4 27. Bxf4 Bd4+
28. Kg2 Rxf4 29. Rxf4 exf4 30. Ne6 Be5 31. Kf3 Re8 32. Rc6 Bb8 33. h4 Be5 34. a4
Bf6 35. Nxf4 Bxh4 36. Rxg6 Bf6 37. g5 Bd4 38. Rc6 Be5 39. Nd5 Bb8 40. Kg4 Kf8
41. Kf5 Kf7 42. g6+ Kg8 43. Rc8 Kf8 44. Rxe8+ Kxe8 45. Ke6 Bg3 46. b4 b5 47. a5
Be1 48. a6 Kf8 49. Kd7 Bd2 50. Nc7 Bxb4 51. Nxb5 Bc5 52. Nc7 Be3 53. Ne6+ Kg8
54. Kc6 Bf2 55. Kb7 Be3 56. Nd8 1-0

[Event "52nd Sparkassen Open A"]
[Site "Dortmund GER"]
[Date "2025.08.04"]
[Round "3.17"]
[White "Liu, Yan"]
[Black "Chassard, Cedric"]
[Result "1/2-1/2"]
[WhiteTitle "GM"]
[BlackTitle "FM"]
[WhiteElo "2531"]
[BlackElo "2208"]
[WhiteFideId "8608962"]
[BlackFideId "16243536"]
[EventDate "2025.08.02"]

1. c4 e6 2. Nc3 d5 3. d4 Nf6 4. cxd5 exd5 5. Bg5 Be6 6. e3 c6 7. Bd3 Nbd7 8. h3
Be7 9. Nge2 Nh5 10. Bxe7 Qxe7 11. Qc2 g6 12. O-O-O Ng7 13. f3 f5 14. Kb1 O-O-O
15. Nf4 Nf6 16. g4 Kb8 17. Rde1 Bc8 18. Qh2 Qd6 19. Bc2 Rhe8 20. Nd3 Qxh2 21.
Rxh2 Re7 22. Kc1 g5 23. Rg2 Rg8 24. Kd2 h5 25. Ne5 hxg4 26. hxg4 fxg4 27. fxg4
Nd7 28. Nf3 Ne8 29. e4 Ndf6 30. Ne5 dxe4 31. Nxe4 Nxe4+ 32. Bxe4 Kc7 33. Rf2 Nd6
34. Bd3 Rd8 35. Ree2 Be6 36. b3 Bd5 37. Kc3 1/2-1/2

[Event "52nd Sparkassen Open A"]
[Site "Dortmund GER"]
[Date "2025.08.05"]
[Round "4.1"]
[White "Bluebaum, Matthias"]
[Black "Xiao, Tong(QD)"]
[Result "1-0"]
[WhiteTitle "GM"]
[BlackTitle "GM"]
[WhiteElo "2660"]
[BlackElo "2539"]
[WhiteFideId "24651516"]
[BlackFideId "8622388"]
[EventDate "2025.08.02"]

1. d4 Nf6 2. c4 e6 3. Nc3 Bb4 4. e3 O-O 5. a3 Bxc3+ 6. bxc3 d6 7. Ne2 c5 8. Ng3
Nc6 9. Be2 b6 10. O-O Ba6 11. e4 Na5 12. f4 cxd4 13. cxd4 Bxc4 14. Bxc4 Nxc4 15.
f5 h6 16. Rb1 e5 17. d5 Rc8 18. Nh5 Na5 19. Qf3 Kh7 20. Qh3 Nxh5 21. Qxh5 f6 22.
Qg6+ Kg8 23. Bxh6 Rf7 24. Rf3 Kf8 25. Bd2 Nc4 26. Be1 Ke7 27. Rc3 Qd7 28. Qh5 b5
29. a4 a6 30. axb5 axb5 31. Rcb3 Rb8 32. Ra1 Rff8 33. Rg3 Rf7 34. Bf2 b4 35. Ra7
Rb7 36. Ra8 b3 37. Rxg7 Rxg7 38. Qh8 Rf7 39. Bh4 Rb8 40. Bxf6+ Rxf6 41. Qg7+ Kd8
42. Rxb8+ Kc7 43. Rb7+ 1-0

[Event "52nd Sparkassen Open A"]
[Site "Dortmund GER"]
[Date "2025.08.05"]
[Round "4.2"]
[White "Wagner, Dennis"]
[Black "Nitish, Belurkar"]
[Result "1/2-1/2"]
[WhiteTitle "GM"]
[BlackTitle "IM"]
[WhiteElo "2617"]
[BlackElo "2486"]
[WhiteFideId "24650684"]
[BlackFideId "5084768"]
[EventDate "2025.08.02"]

1. d4 Nf6 2. c4 e6 3. Nf3 d5 4. Nc3 c5 5. cxd5 Nxd5 6. e4 Nxc3 7. bxc3 cxd4 8.
cxd4 Bb4+ 9. Bd2 Bxd2+ 10. Qxd2 O-O 11. Bc4 Nd7 12. O-O b6 13. d5 Nf6 14. Qf4
exd5 15. Rad1 Bb7 16. exd5 Rc8 17. d6 Bxf3 18. gxf3 Qd7 19. Rfe1 Rfe8 20. a4
Rcd8 21. Rxe8+ Qxe8 22. Bb5 Nd7 23. Qc1 a6 24. Bxa6 Ne5 25. Qc7 Nxf3+ 26. Kh1
Ng5 27. Bb7 Ne6 28. Qc6 Qxc6+ 29. Bxc6 Kf8 30. Kg2 Nc5 31. f4 Rc8 32. Bb5 Ne4
33. d7 Rd8 34. f5 Nc3 35. Rd6 1/2-1/2

[Event "52nd Sparkassen Open A"]
[Site "Dortmund GER"]
[Date "2025.08.05"]
[Round "4.3"]
[White "Engel, Luis"]
[Black "Rathanvel, V S"]
[Result "1-0"]
[WhiteTitle "GM"]
[BlackTitle "IM"]
[WhiteElo "2548"]
[BlackElo "2486"]
[WhiteFideId "12961523"]
[BlackFideId "25002112"]
[EventDate "2025.08.02"]

1. e4 c5 2. Nf3 d6 3. d4 cxd4 4. Nxd4 Nf6 5. Nc3 a6 6. h4 e5 7. Nb3 Be7 8. Be2
b5 9. a4 b4 10. Nd5 Bb7 11. Nxe7 Qxe7 12. f3 d5 13. Be3 dxe4 14. Bc5 Qc7 15. Bd6
Qb6 16. Bxe5 O-O 17. a5 Qe6 18. f4 Nbd7 19. Nd4 Qd5 20. Nf5 Qc5 21. Qd4 Qxc2 22.
Qxb4 Nxe5 23. fxe5 Nd5 24. Qxb7 Nf4 25. Nd4 Nd3+ 26. Kf1 Qd2 27. Qxe4 Nc5 28.
Qd5 Ne6 29. Rd1 Qxb2 30. Qb3 1-0

[Event "52nd Sparkassen Open A"]
[Site "Dortmund GER"]
[Date "2025.08.05"]
[Round "4.4"]
[White "Gloeckler, Christian"]
[Black "Jumabayev, Rinat"]
[Result "0-1"]
[WhiteTitle "FM"]
[BlackTitle "GM"]
[WhiteElo "2446"]
[BlackElo "2556"]
[WhiteFideId "34608966"]
[BlackFideId "13702661"]
[EventDate "2025.08.02"]

1. Nf3 Nf6 2. c4 c5 3. b3 e6 4. Bb2 d5 5. cxd5 exd5 6. g3 Nc6 7. Bg2 d4 8. O-O
Be7 9. Na3 O-O 10. Nc4 Bf5 11. e3 dxe3 12. dxe3 Be4 13. Nh4 Bxg2 14. Kxg2 b5 15.
Na3 a6 16. Nf5 Qxd1 17. Raxd1 Rfd8 18. Nc2 Kf8 19. g4 Rxd1 20. Rxd1 Rd8 21.
Rxd8+ Bxd8 22. g5 Ne8 23. f4 g6 24. Ng3 Ke7 25. Ne4 Bb6 26. Kf3 Ke6 27. h4 Ne7
28. Nc3 f5 29. gxf6 Nxf6 30. e4 Nc6 31. Nb1 Bd8 32. Nd2 Nh5 33. Kg4 Bf6 34. e5
Be7 35. f5+ gxf5+ 36. Kxh5 Nxe5 37. Ne1 Ng6 38. Ng2 Kd5 39. Ne3+ Ke6 40. Ng2 Kd5
41. Ne3+ Ke6 42. Nf3 f4 43. Nf1 Kf5 44. N1d2 Nf8 45. Kh6 Kg4 46. h5 Nd7 47. Nh2+
Kh3 48. Ndf1 Nf6 49. Nf3 Kg4 50. Ne5+ Kf5 51. Kg7 Nxh5+ 52. Kxh7 Bf6 53. Nd3 c4
54. Nxf4 Nxf4 55. Bxf6 Kxf6 56. bxc4 b4 57. Nd2 Ne6 58. Nb3 Ke5 59. Kg6 Nd4 60.
Nc5 a5 61. Nd3+ Ke4 62. Nc5+ Ke5 63. Nd3+ Kd6 64. Kg5 Ne2 65. Kf5 Nc3 66. Nc1 a4
67. Kf4 Kc5 68. Ke3 Nxa2 69. Nxa2 b3 70. Nc1 Kxc4 71. Kd2 a3 72. Nxb3 Kxb3 73.
Kc1 a2 0-1

[Event "52nd Sparkassen Open A"]
[Site "Dortmund GER"]
[Date "2025.08.05"]
[Round "4.5"]
[White "Dahl, Christoph"]
[Black "Kollars, Dmitrij"]
[Result "0-1"]
[WhiteTitle "FM"]
[BlackTitle "GM"]
[WhiteElo "2387"]
[BlackElo "2644"]
[WhiteFideId "16240235"]
[BlackFideId "12909572"]
[EventDate "2025.08.02"]

1. d4 Nf6 2. c4 e6 3. Nc3 Bb4 4. e3 O-O 5. Bd3 d5 6. cxd5 exd5 7. a3 Bd6 8. Qc2
c6 9. Nge2 Re8 10. O-O b6 11. b4 Qc7 12. h3 Ba6 13. f3 Bxd3 14. Qxd3 Qe7 15. Bd2
Nbd7 16. Rae1 a5 17. b5 c5 18. a4 Rac8 19. Qf5 Qe6 20. Qg5 cxd4 21. Nxd4 Qe5 22.
Nf5 g6 23. Nh6+ Kg7 24. f4 Qe6 25. g4 Kf8 26. Re2 Bb4 27. f5 Qe5 28. Nxd5 Qxd5
29. Bxb4+ axb4 30. Qh4 Qd3 31. fxg6 Qxg6 32. Ref2 Rxe3 33. g5 Re4 34. Qg3 Rc5
35. Nxf7 Kxf7 36. Rxf6+ Nxf6 37. Rxf6+ Qxf6 38. gxf6 Kxf6 39. Qd6+ Kf5 40. a5 b3
41. Qf8+ Ke5 42. axb6 Rc1+ 43. Kg2 Rc2+ 44. Kg3 Rc3+ 45. Kg2 b2 46. Qe7+ Kd4 47.
Qf6+ Kc4 48. Qc6+ Kd3 49. Qd5+ Rd4 50. Qf5+ Kc4 51. Qe6+ Kb4 52. Qe1 Rd2+ 0-1

[Event "52nd Sparkassen Open A"]
[Site "Dortmund GER"]
[Date "2025.08.05"]
[Round "4.6"]
[White "Svanda, Ondrej"]
[Black "Ganguly, Surya Shekhar"]
[Result "1/2-1/2"]
[WhiteTitle "IM"]
[BlackTitle "GM"]
[WhiteElo "2358"]
[BlackElo "2566"]
[WhiteFideId "359670"]
[BlackFideId "5002150"]
[EventDate "2025.08.02"]

1. e4 c6 2. Nf3 d5 3. d3 Qc7 4. exd5 cxd5 5. c4 Nf6 6. Nc3 e6 7. g3 Bb4 8. Bg2
dxc4 9. O-O Bxc3 10. bxc3 O-O 11. Bf4 Qa5 12. dxc4 Nc6 13. Nd4 Bd7 14. Nb5 h6
15. Bc7 b6 16. Qd6 a6 17. Nd4 Nxd4 18. cxd4 Rac8 19. c5 Ne8 20. Qxb6 Qxb6 21.
Bxb6 Bc6 22. Rab1 Nf6 23. Rb3 Nd5 24. Rfb1 Bb5 25. Bxd5 exd5 1/2-1/2

[Event "52nd Sparkassen Open A"]
[Site "Dortmund GER"]
[Date "2025.08.05"]
[Round "4.7"]
[White "Ahmadinia, Ebrahim"]
[Black "Gavrilescu, David"]
[Result "1/2-1/2"]
[WhiteTitle "IM"]
[BlackTitle "GM"]
[WhiteElo "2388"]
[BlackElo "2531"]
[WhiteFideId "12501891"]
[BlackFideId "1227190"]
[EventDate "2025.08.02"]

1. e4 c5 2. Nf3 d6 3. d4 cxd4 4. Qxd4 Nc6 5. Bb5 Bd7 6. Qd3 g6 7. c4 Bg7 8. Nc3
Nf6 9. h3 O-O 10. O-O a6 11. Bxc6 Bxc6 12. Nd4 Qb6 13. Be3 Qxb2 14. Nd5 Bxd5 15.
exd5 Nd7 16. Rfb1 Nc5 17. Rxb2 Nxd3 18. Rxb7 Rfc8 19. Rd1 Nc5 1/2-1/2

[Event "52nd Sparkassen Open A"]
[Site "Dortmund GER"]
[Date "2025.08.05"]
[Round "4.8"]
[White "Falkevall, Axel"]
[Black "Cornette, Matthieu"]
[Result "1/2-1/2"]
[WhiteTitle "FM"]
[BlackTitle "GM"]
[WhiteElo "2346"]
[BlackElo "2524"]
[WhiteFideId "1735560"]
[BlackFideId "620084"]
[EventDate "2025.08.02"]

1. e4 c5 2. Nf3 e6 3. c3 Nf6 4. e5 Nd5 5. d4 cxd4 6. cxd4 d6 7. a3 Bd7 8. Bd3
Be7 9. O-O Bc6 10. Bc2 Nd7 11. Nbd2 Rc8 12. Re1 Qc7 13. Nf1 O-O 14. Ng3 dxe5 15.
dxe5 g6 16. Bh6 Rfd8 17. Qd4 Qb6 18. Qxb6 N7xb6 19. Rac1 Ba4 20. Bxa4 Nxa4 21.
Re2 Ndb6 22. Rxc8 Nxc8 23. h4 Ncb6 24. Ne4 Rc8 25. Bg5 Bf8 26. Rd2 h6 27. Nf6+
Kg7 28. Bf4 Be7 29. Ng4 h5 30. Ne3 Rc1+ 31. Kh2 Nc5 32. Bg5 Kf8 33. Rd4 Ncd7 34.
Bh6+ Ke8 35. Nf5 Rc2 36. Ng7+ Kd8 37. Rf4 Rxf2 38. Rxf7 Nc4 39. b3 Ncxe5 40.
Nxe5 Nxe5 41. Rxf2 Ng4+ 42. Kg1 Nxf2 43. Kxf2 Kd7 44. Kf3 Bxh4 45. Be3 b6 46.
Bd4 Ke7 47. g4 hxg4+ 48. Kxg4 Be1 49. Kf4 Kf7 50. a4 Bb4 51. Kg5 Bd2+ 52. Kg4
Bb4 53. Kg5 Be7+ 54. Kg4 Bc5 55. Be5 Bf8 56. Nh5 gxh5+ 57. Kxh5 Bb4 58. Kg4 Ke7
59. Kf3 Kd7 60. Ke4 Bd6 61. Bd4 Kc6 62. Bb2 a6 63. Bd4 Bc7 64. Be3 b5 65. Bf2
Ba5 66. Be3 Bc3 67. Bf2 Bb4 68. Be3 Bc5 69. Bd2 Kd6 70. Bf4+ Kc6 71. Bd2 Ba3 72.
Be3 Kd6 73. Bd4 Kc6 74. Be3 Bd6 75. Bf2 Bc5 76. Be1 Bg1 77. Ke5 Kd7 78. Bd2 Bh2+
79. Ke4 Ke7 80. Bg5+ Kf7 81. Bd2 Bd6 1/2-1/2

[Event "52nd Sparkassen Open A"]
[Site "Dortmund GER"]
[Date "2025.08.05"]
[Round "4.9"]
[White "Klimkowski, Jan"]
[Black "Radzimski, Antoni"]
[Result "1-0"]
[WhiteTitle "GM"]
[BlackTitle "FM"]
[WhiteElo "2517"]
[BlackElo "2320"]
[WhiteFideId "21856222"]
[BlackFideId "21052476"]
[EventDate "2025.08.02"]

1. e4 e5 2. Nf3 Nc6 3. Bc4 Nf6 4. d3 Bc5 5. Bg5 h6 6. Bh4 a6 7. c3 d6 8. Nbd2
Ba7 9. O-O g5 10. Bg3 Qe7 11. Kh1 Bg4 12. b4 Nh5 13. a4 Nd8 14. Qb3 Ne6 15. d4
exd4 16. cxd4 Bxf3 17. Nxf3 g4 18. d5 Nd4 19. Nxd4 Bxd4 20. Rad1 Bg7 21. Be2
Nxg3+ 22. Qxg3 Qxe4 23. Qxg4 Qxg4 24. Bxg4 O-O 25. Rc1 Rfe8 26. Rxc7 Re4 27. Bh5
Rxb4 28. Bxf7+ Kh8 29. g3 Rxa4 30. Rxb7 a5 31. Rb6 Rd8 32. Rfb1 Bd4 33. Rb7 Bxf2
34. Bg6 Rg4 35. Rh7+ Kg8 36. Bd3 Bd4 37. Rxh6 Be5 38. Bf5 Rg5 39. g4 Ra8 40. h4
Rxf5 41. gxf5 a4 42. f6 a3 43. Rg1+ 1-0

[Event "52nd Sparkassen Open A"]
[Site "Dortmund GER"]
[Date "2025.08.05"]
[Round "4.10"]
[White "Soumya, Swaminathan"]
[Black "Mardov, Dimitar"]
[Result "1-0"]
[WhiteTitle "IM"]
[BlackTitle "IM"]
[WhiteElo "2216"]
[BlackElo "2512"]
[WhiteFideId "5016193"]
[BlackFideId "30919495"]
[EventDate "2025.08.02"]

1. e4 e5 2. Nf3 Nc6 3. d4 exd4 4. Nxd4 Bc5 5. Nb3 Bb6 6. Nc3 Qf6 7. Qe2 Nge7 8.
h4 d6 9. Bg5 Qe6 10. a4 a6 11. a5 Ba7 12. O-O-O O-O 13. g3 f6 14. Bf4 Qf7 15.
Bg2 Be6 16. Nd5 Ne5 17. Kb1 Nxd5 18. exd5 Bg4 19. f3 Bd7 20. Be3 Bb5 21. Qf2
Bxe3 22. Qxe3 Rfe8 23. Qc3 Nc4 24. Bh3 f5 25. Rhe1 c5 26. dxc6 Bxc6 27. Nd4 Bd7
28. b3 Ne5 29. Qc7 f4 30. Bxd7 Qxd7 31. Qxd7 Nxd7 32. gxf4 Nf6 33. Ne6 Nh5 34.
f5 Ng3 35. f6 gxf6 36. Rxd6 Nf5 37. Rd7 Nxh4 38. Rg1+ Kh8 39. Rh1 Rxe6 40. Rxh4
Rae8 41. Rhxh7+ Kg8 42. Rdg7+ Kf8 43. Rxb7 Kg8 44. Rbg7+ Kf8 45. Ra7 Kg8 46.
Rhf7 Re2 47. Rxf6 Rc8 48. Kb2 1-0

[Event "52nd Sparkassen Open A"]
[Site "Dortmund GER"]
[Date "2025.08.05"]
[Round "4.11"]
[White "Deuer, Marius"]
[Black "Sydykov, Bayastan"]
[Result "1-0"]
[WhiteTitle "IM"]
[BlackTitle "FM"]
[WhiteElo "2487"]
[BlackElo "2322"]
[WhiteFideId "16236432"]
[BlackFideId "13829610"]
[EventDate "2025.08.02"]

1. d4 Nf6 2. c4 e6 3. Nf3 Bb4+ 4. Nbd2 d5 5. Qa4+ Nc6 6. a3 Be7 7. e3 a5 8. Qc2
O-O 9. b3 Nb8 10. Bb2 b6 11. Bd3 Bb7 12. e4 h6 13. cxd5 exd5 14. e5 Ne8 15. O-O
c5 16. Rfe1 Nc7 17. dxc5 Bxc5 18. Nd4 Ne6 19. N2f3 Nd7 20. Qd2 Re8 21. Nxe6 fxe6
22. b4 axb4 23. axb4 Rxa1 24. Bxa1 Be7 25. Nd4 Qa8 26. Bg6 Rc8 27. Qf4 Rf8 28.
Qg4 Bxb4 29. Qxe6+ Kh8 30. Rb1 Bc8 31. Bc2 Rd8 32. Qg6 Nf8 33. Qxb6 Ba5 34. Qb3
Bc7 35. Qe3 Re8 36. f4 Bd7 37. h3 Qa7 38. Kh1 Bb6 39. Qd3 Rc8 40. e6 Be8 41. Nf5
Bg6 42. e7 Ne6 43. Qxd5 Nxf4 44. Qe5 Nh5 45. Nxg7 Bc7 46. Qxc7 Rxc7 47. Nxh5+
Qxa1 48. Rxa1 Bxh5 49. Ra6 Rxc2 50. Rxh6+ Kg7 51. Rxh5 1-0

[Event "52nd Sparkassen Open A"]
[Site "Dortmund GER"]
[Date "2025.08.05"]
[Round "4.12"]
[White "Choukri, Adel"]
[Black "Zwirs, Nico"]
[Result "1/2-1/2"]
[WhiteTitle "FM"]
[BlackTitle "IM"]
[WhiteElo "2297"]
[BlackElo "2436"]
[WhiteFideId "9000399"]
[BlackFideId "1036432"]
[EventDate "2025.08.02"]

1. e4 c5 2. Nf3 d6 3. d4 cxd4 4. Nxd4 Nf6 5. Nc3 a6 6. h3 e6 7. g4 Nfd7 8. Be3
Be7 9. Qd2 Nc6 10. O-O-O O-O 11. h4 Nxd4 12. Qxd4 b5 13. g5 Qa5 14. h5 b4 15. h6
gxh6 16. Nb1 hxg5 17. f4 Bb7 18. Rg1 Rfc8 19. f5 Qe5 20. Bxg5 Bxg5+ 21. Rxg5+
Kf8 22. Qxd6+ Qxd6 23. Rxd6 Ke7 24. Rd4 e5 25. Rxb4 Rc7 26. Nc3 Nf6 27. Bd3 h5
28. Rb6 h4 29. Rxf6 Kxf6 30. Rh5 Rcc8 31. Rxh4 Rh8 32. Rxh8 Rxh8 33. b4 Ke7 34.
Kb2 Kd6 35. a4 f6 36. Kb3 Rh3 37. a5 Rg3 38. Kc4 Bc6 39. b5 axb5+ 40. Nxb5+
Bxb5+ 41. Kxb5 Rg8 42. a6 Rb8+ 43. Ka5 Kc5 44. a7 Rb1 45. Ka6 Rb6+ 46. Ka5 Rb1
47. Ka6 Rb6+ 48. Ka5 1/2-1/2

[Event "52nd Sparkassen Open A"]
[Site "Dortmund GER"]
[Date "2025.08.05"]
[Round "4.13"]
[White "Panjer, Sidney"]
[Black "Peyrer, Konstantin"]
[Result "1/2-1/2"]
[BlackTitle "IM"]
[WhiteElo "2197"]
[BlackElo "2490"]
[WhiteFideId "16207041"]
[BlackFideId "1640879"]
[EventDate "2025.08.02"]

1. Nf3 Nf6 2. c4 g6 3. Nc3 Bg7 4. e4 d6 5. d4 O-O 6. Be2 Na6 7. O-O e5 8. Re1
Bg4 9. Be3 exd4 10. Nxd4 Bxe2 11. Qxe2 c6 12. Rad1 Nd7 13. Nf3 Qe7 14. Qd2 Ne5
15. Nxe5 dxe5 16. Qd7 Qb4 17. Rd2 Rfe8 18. Red1 Bf8 19. Qd3 Nc5 20. Qe2 a5 21.
g3 a4 22. a3 Qb3 23. Kg2 Ne6 24. Rd7 Re7 25. Rxe7 Bxe7 26. Rd7 Re8 27. Qd1 Qxb2
28. Nxa4 Qxa3 29. Rxb7 Nd4 30. Bxd4 exd4 31. Qxd4 Qxa4 1/2-1/2

[Event "52nd Sparkassen Open A"]
[Site "Dortmund GER"]
[Date "2025.08.05"]
[Round "4.14"]
[White "Chen, Qi b"]
[Black "Winkler, Yonathan"]
[Result "1-0"]
[WhiteTitle "IM"]
[WhiteElo "2468"]
[BlackElo "2148"]
[WhiteFideId "8614733"]
[BlackFideId "16266080"]
[EventDate "2025.08.02"]

1. e4 c5 2. Nf3 e6 3. g3 d5 4. d3 Nc6 5. Qe2 Be7 6. Bg2 Nf6 7. O-O O-O 8. a4 b6
9. Re1 d4 10. e5 Nd5 11. h4 Re8 12. h5 f6 13. exf6 Bxf6 14. Nbd2 e5 15. Ne4 Bg4
16. h6 g6 17. Nxf6+ Nxf6 18. Bg5 Rc8 19. Qf1 Qd6 20. Nd2 Nd7 21. Nc4 Qf8 22. f4
Nb4 23. Qf2 exf4 24. Bxf4 Rxe1+ 25. Rxe1 Re8 26. Be4 Nf6 27. Bd6 Nxe4 28. Qxf8+
Rxf8 29. Rxe4 Bf3 30. Re7 Rf5 31. Ne5 Rxe5 32. Rg7+ 1-0

[Event "52nd Sparkassen Open A"]
[Site "Dortmund GER"]
[Date "2025.08.05"]
[Round "4.15"]
[White "Georgiadis, Anastasios"]
[Black "Dau Khuong Duy"]
[Result "1/2-1/2"]
[BlackTitle "IM"]
[WhiteElo "2233"]
[BlackElo "2462"]
[WhiteFideId "25870173"]
[BlackFideId "12424722"]
[EventDate "2025.08.02"]

1. b3 e5 2. Bb2 d6 3. e4 Nc6 4. Bb5 Bd7 5. Nf3 Nf6 6. Nc3 Nd4 7. Bxd7+ Qxd7 8.
O-O c5 9. d3 g6 10. Nxd4 exd4 11. Nd5 Bg7 12. Nxf6+ Bxf6 13. Qd2 O-O 14. c3 dxc3
15. Bxc3 Bxc3 16. Qxc3 Rfe8 17. Rad1 b6 18. d4 Rxe4 19. dxc5 bxc5 20. Qxc5 dxc5
21. Rxd7 Re2 22. h3 Rxa2 23. Re1 Rf8 24. Ree7 Rb2 25. Rxa7 Rxb3 26. Rac7 Rc3 27.
Re5 c4 28. Rec5 Kg7 29. Rxc4 Rxc4 1/2-1/2

[Event "52nd Sparkassen Open A"]
[Site "Dortmund GER"]
[Date "2025.08.05"]
[Round "4.16"]
[White "Parvanyan, Ashot"]
[Black "He, Chenglu"]
[Result "1-0"]
[WhiteTitle "IM"]
[WhiteElo "2403"]
[BlackElo "1956"]
[WhiteFideId "13307550"]
[BlackFideId "8620440"]
[EventDate "2025.08.02"]

1. Nf3 d5 2. d4 Nf6 3. c4 e6 4. g3 Bb4+ 5. Bd2 Be7 6. Bg2 O-O 7. O-O c6 8. Bc3
dxc4 9. a4 Qc7 10. Ne5 b6 11. Na3 Bb7 12. Naxc4 Rd8 13. a5 Na6 14. axb6 axb6 15.
Qb3 c5 16. Bxb7 Qxb7 17. Qxb6 Rdb8 18. Nc6 Qxb6 19. Nxb6 Rxb6 20. Nxe7+ Kf8 21.
dxc5 Rb5 22. Nc6 Nd5 23. Be5 f6 24. Bd6+ Kf7 25. e4 Ndb4 26. Nxb4 Rxb4 27. Ra2
Nc7 28. Rxa8 Nxa8 29. Ra1 1-0